| Tag |
First Indicator |
Second Indicator |
Subfields |
| LEADER |
00000cam a2200000 a 4500 |
| 001 |
in00000017178 |
| 005 |
20151007053413.0 |
| 008 |
860410s1986 miua b 00110 eng d |
| 010 |
|
|
|a 86009859
|
| 020 |
|
|
|z 090170113X
|
| 035 |
|
|
|a (OCoLC)13524431
|
| 035 |
|
|
|9 AAB1534AM
|
| 040 |
|
|
|a DNLM/DLC
|c DLC
|d m/c
|d TXA
|d UtOrBLW
|
| 043 |
|
|
|a n-us---
|
| 049 |
|
|
|a TXAM
|c [A11061359]
|
| 050 |
0 |
0 |
|a RA395.A3
|b S65 1986
|
| 060 |
|
0 |
|a W 84 AA1 S55w
|
| 082 |
0 |
|
|a 362.1/0973
|2 19
|
| 100 |
1 |
|
|a Smith, David Barton.
|
| 245 |
1 |
4 |
|a The white labyrinth :
|b a guide to the health care system /
|c David Barton Smith, Arnold D. Kaluzny.
|
| 250 |
|
|
|a 2nd ed.
|
| 264 |
|
1 |
|a Ann Arbor, Mich. :
|b Health Administration Press,
|c 1986.
|
| 300 |
|
|
|a xiv, 268 pages :
|b illustrations ;
|c 24 cm.
|
| 336 |
|
|
|a text
|b txt
|2 rdacontent
|
| 337 |
|
|
|a unmediated
|b n
|2 rdamedia
|
| 338 |
|
|
|a volume
|b nc
|2 rdacarrier
|
| 504 |
|
|
|a Bibliography: pages [247]-261.
|
| 500 |
|
|
|a Includes index.
|
| 650 |
|
0 |
|a Medical care
|z United States.
|
| 650 |
|
0 |
|a Health services administration
|z United States.
|
| 700 |
1 |
|
|a Kaluzny, Arnold D.
|
| 999 |
|
|
|a MARS
|
| 999 |
f |
f |
|s 2236f8d8-87e8-3e69-95fd-0af3f075c3d2
|i b8bacc0d-ebc4-35fb-8f86-09feae18c60d
|t 0
|
| 952 |
f |
f |
|p ric
|a Texas A&M University
|b Rellis Campus
|c Joint Library Facility
|d Remote Storage
|t 0
|e RA395.A3 S65 1986
|h Library of Congress classification
|i unmediated -- volume
|m A14811061359
|
| 998 |
f |
f |
|a RA395.A3 S65 1986
|t 0
|l Remote Storage
|